Kraje BEZ SUBWAY-a - Statystyki

Ogólne statystyki
  • Ten quiz został rozwiązany 49 razy
  • Średni wynik to 40 z 99
Statystyki odpowiedzi
Kontynent Kraj % Poprawnych
Europa Watykan
68%
Europa Ukraina
65%
Afryka Algieria
60%
Europa Białoruś
60%
Europa Mołdawia
60%
Europa San Marino
60%
Europa Serbia
60%
Europa Andora
58%
Azja Korea Północna
58%
Azja Tadżykistan
55%
Europa Bośnia i Hercegowina
53%
Europa Czarnogóra
53%
Ameryka Południowa Gujana
53%
Azja Iran
53%
Afryka Niger
53%
Afryka Demokratyczna Republika Konga
50%
Europa Macedonia Północna
50%
Afryka Nigeria
50%
Afryka Czad
48%
Ameryka Północna Haiti
48%
Ameryka Północna Kuba
48%
Afryka Libia
48%
Europa Monako
48%
Afryka Sudan
48%
Ameryka Południowa Surinam
48%
Azja Kirgistan
45%
Azja Laos
45%
Afryka Maroko
45%
Ameryka Południowa Paragwaj
45%
Azja Syria
45%
Azja Turkmenistan
45%
Azja Uzbekistan
45%
Afryka Zimbabwe
45%
Europa Albania
43%
Afryka Angola
43%
Ameryka Północna Belize
43%
Afryka Burkina Faso
43%
Afryka Etiopia
43%
Afryka Gwinea
43%
Azja Kazachstan
43%
Azja Nepal
43%
Afryka Senegal
43%
Afryka Togo
43%
Afryka Tunezja
43%
Azja Brunei
40%
Afryka Gabon
40%
Afryka Gambia
40%
Afryka Gwinea Bissau
40%
Azja Jemen
40%
Afryka Kongo
40%
Afryka Mozambik
40%
Afryka Namibia
40%
Australia i Oceania Papua-Nowa Gwinea
40%
Afryka Republika Środkowoafrykańska
40%
Afryka Botswana
38%
Afryka Burundi
38%
Afryka Eswatini
38%
Australia i Oceania Fidżi
38%
Afryka Lesotho
38%
Afryka Liberia
38%
Afryka Madagaskar
38%
Europa Malta
38%
Azja Mjanma
38%
Afryka Uganda
38%
Azja Armenia
35%
Azja Bangladesz
35%
Azja Cypr
35%
Afryka Erytrea
35%
Afryka Ghana
35%
Afryka Gwinea Równikowa
35%
Azja Kambodża
35%
Afryka Mauretania
35%
Australia i Oceania Mikronezja
35%
Afryka Sudan Południowy
35%
Afryka Benin
33%
Azja Bhutan
33%
Afryka Dżibuti
33%
Afryka Kamerun
33%
Afryka Rwanda
33%
Afryka Somalia
33%
Azja Timor Wschodni
33%
Australia i Oceania Tuvalu
33%
Azja Azerbejdżan
30%
Azja Indonezja
30%
Australia i Oceania Kiribati
30%
Afryka Mali
30%
Australia i Oceania Samoa
30%
Afryka Sierra Leone
30%
Australia i Oceania Tonga
30%
Afryka Wybrzeże Kości Słoniowej
30%
Afryka Wyspy Świętego Tomasza i Książęca
30%
Afryka Malawi
28%
Azja Malediwy
28%
Afryka Seszele
28%
Afryka Komory
25%
Australia i Oceania Nauru
25%
Australia i Oceania Vanuatu
25%
Australia i Oceania Wyspy Marshalla
23%
Australia i Oceania Wyspy Salomona
23%
Nie znaleziono quizów pasujących do podanych kryteriów
Rozkład punktacji
Procent ludzi z każdym wynikiem
Percentyl według liczby udzielonych odpowiedzi
Twoja historia wyników
Nie rozwiązałeś tego quizu